| 000 | 00930nam a2200277Ia 4500 | ||
|---|---|---|---|
| 003 | OSt | ||
| 005 | 20220928125358.0 | ||
| 006 | a|||||r|||| 00| 0 | ||
| 007 | ta | ||
| 008 | 220927b |||||||| |||| 00| 0 eng d | ||
| 020 | _cINR 1500.00 | ||
| 024 | _a136529 | ||
| 037 |
_b202, 28/11/2017, Bookwell Publications _cTextual |
||
| 040 |
_aSDCL _cSDCL _beng |
||
| 041 |
_2eng _aeng |
||
| 082 | _a2:98, Q7 | ||
| 100 |
_aAbidi Hasan Jamal Ed. _9469439 |
||
| 245 | 0 |
_aExpanding digital footprints _b Role of libraries & information centres |
|
| 260 |
_aNew Delhi _bAsian Library Association _c2017 |
||
| 300 |
_axvii,665p. _ccm. |
||
| 650 | _aReference | ||
| 700 |
_a Ashraf Tariq Ed. _9439209 |
||
| 700 |
_a Bhardwaj Raj Kumar Ed. _9460859 |
||
| 942 |
_h2:98, Q7 _cTEXL _2CC |
||
| 999 |
_c782095 _d782095 |
||